1513 1808 1972 1079 1081 1172 2000 1795 1945 1048 1355 1642 1499 1892 1574 1431 1278 1188 1270 1979 1378 1840 1910 1848 1390 1654 1419 1971 1579 1541 1879 1240 1210 1405 1697 1833 1534 1453 1307 1297 1198 1442 1247 1536 1275 1980 1048 1309 1648 1741 1098 1421 1246 1075 1175 1250 1324 1992 1104 1397 1605 1532 1597 1913 1557 1591 1226 1287 1886 1025 1734 1435 1967 1629 1954 1450 1403 1211 1824 1245 1777 1035 1847 1475 1684 1794 1775 1476 1655 1812 1131 1167 1244 1535 1503 1448 1617 1282 1806 BCNSPRNW ULIB Ver.6.0+V

เปลี่ยนเป็นภาษาไทย

Change to English
 แสดงรายละเอียดบรรณานุกรม
  กลับหน้าหลัก

Brief Record : Get Marc (ISO 2709) : E-mail record : QR code < ปิดหน้าต่าง
LEADER : 00000nam 2200000uu 4500
001    13399122194
003     ULIB
008    130109s2555||||th 000 0 tha d
020    ^a9786167351957
060  4 ^aWS113^bป152ค
100 0  ^aปทัตตา ภริตาธรรม,ผู้เรียบเรียง
245 00 ^aคู่มืออ่านใจลูก วัยแรกเกิด ถึง 9 ขวบ=How to read your child s mind/^cปทัตตา ภริตาธรรม,ผู้เรียบเรียง
246 0  ^aHow to read your child s mind
260    ^aกรุงเทพฯ:^bแพรธรรม,^c2555
300    ^a191 หน้าซ:^bภาพประกอบ
650  0 ^aการเลี้ยงเด็ก
945    ^p150^l0^i19654
945    ^p150^l0^i19662
945    ^p150^l0^i19663
995    ^aกัณชพร
999    ^aใช้งานได้ทุกระบบ
รายการนี้ยังไม่มีแท็ก
คุณยังไม่ได้ล็อกอิน คุณสามารถมีกิจกรรมร่วมกับเว็บไซต์ได้ แต่ต้องล็อกอินก่อน ::
  ล็อกอิน

รายการสื่อสารสนเทศ

ลำดับที่ ประเภท เลขเรียก/บาร์โค้ด สถานที่ สถานะ
1. วิทยาศาสตร์การแพทย์ และสุขภาพ
วิทยาศาสตร์การแพทย์ และสุขภาพ
สถานะ=หนังสือเก่า
WS113 ป152ค  
  Barcode: 19654
ห้องสมุดวิทยาเขตนครสวรรค์
►ส่วนจัดเก็บหนังสือเก่า นว.
บนชั้น
  ขอยืม
2. วิทยาศาสตร์การแพทย์ และสุขภาพ
วิทยาศาสตร์การแพทย์ และสุขภาพ
สถานะ=หนังสือเก่า
WS113 ป152ค ฉ.2 
  Barcode: 19662
ห้องสมุดวิทยาเขตนครสวรรค์
►ส่วนจัดเก็บหนังสือเก่า นว.
บนชั้น
  ขอยืม
3. วิทยาศาสตร์การแพทย์ และสุขภาพ
วิทยาศาสตร์การแพทย์ และสุขภาพ
สถานะ=หนังสือเก่า
WS113 ป152ค ฉ.3 
  Barcode: 19663
ห้องสมุดวิทยาเขตนครสวรรค์
►ส่วนจัดเก็บหนังสือเก่า นว.
บนชั้น
  ขอยืม

รายการใกล้เคียง
    หัวเรื่อง [การเลี้ยงเด็ก]

BibComment


ยังไม่เคยถูกคอมเมนท์

คอมเมนท์ทรัพยากรรายการนี้
  คอมเมนท์: คู่มืออ่านใจลูก ..


 Copyright 2026. Bcnsprnw @Library